[Event "Titled Tue 24th Jun Late"]
[Site "chess.com INT"]
[Date "2025.06.24"]
[Round "10"]
[White "Estrada Nieto, Julian"]
[Black "Gorbenko, Rustem"]
[Result "1-0"]
[WhiteTitle "IM"]
[BlackTitle "CM"]
[WhiteElo "2181"]
[BlackElo "2201"]
[WhiteFideId "5101018"]
[BlackFideId "14111438"]
[EventDate "2025.06.24"]

1. e4 e6 2. d4 d5 3. Nd2 Nf6 4. e5 Nfd7 5. Bd3 c5 6. c3 Nc6 7. Ne2 cxd4 8. cxd4
f6 9. exf6 Qxf6 10. Nf3 h6 11. O-O Bd6 12. Be3 O-O 13. h3 Rd8 14. Nc3 Nf8 15.
Nh2 Bd7 16. Ng4 Qf7 17. f4 Rac8 18. Ne5 Bxe5 19. fxe5 Qe7 20. Qg4 Be8 21. Bxh6
Nxd4 22. Bg5 Qc5 23. Bxd8 Nf5+ 24. Kh2 Ne3 25. Qg5 Nh7 26. Bxh7+ Kxh7 27. Rf4 d4
28. Ne4 Qc2 29. Rh4+ Kg8 30. Nf6+ Kf7 31. Nxe8 Rxd8 32. Qxg7+ Kxe8 33. Rh8# 1-0

[Event "Titled Tue 24th Jun Late"]
[Site "chess.com INT"]
[Date "2025.06.24"]
[Round "10"]
[White "Rogov, Matfey"]
[Black "Hua, Lefong"]
[Result "1-0"]
[WhiteTitle "FM"]
[BlackTitle "FM"]
[WhiteElo "2348"]
[BlackElo "2305"]
[WhiteFideId "44191308"]
[BlackFideId "2602253"]
[EventDate "2025.06.24"]

1. e4 c5 2. Nf3 g6 3. d4 cxd4 4. Nxd4 Bg7 5. Nc3 Nc6 6. Be3 Nf6 7. Nxc6 bxc6 8.
e5 Nd5 9. Nxd5 cxd5 10. Qxd5 Rb8 11. Bc4 O-O 12. O-O Rxb2 13. Bb3 Qc7 14. Bd4
Bb7 15. Qb5 Bc6 16. Qe2 Rxb3 17. axb3 a5 18. Qd2 Qb7 19. f3 Ra8 20. Rxa5 Rxa5
21. Qxa5 h5 22. Qd8+ Bf8 23. Bc5 Kg7 24. Bxe7 Qa7+ 25. Kh1 Bxe7 26. Qxe7 Qe3 27.
Qf6+ Kg8 28. Qd6 h4 29. h3 Qe2 30. Qd1 Qxe5 31. Re1 Qf6 32. Qd3 Kg7 33. c3 Qg5
34. Qd4+ Kh7 35. Re8 f6 36. Qe3 1-0

[Event "Titled Tue 24th Jun Late"]
[Site "chess.com INT"]
[Date "2025.06.24"]
[Round "10"]
[White "Harriott, Tyrell"]
[Black "Shapiro, Daniel"]
[Result "1-0"]
[BlackTitle "FM"]
[WhiteElo "1924"]
[BlackElo "2284"]
[WhiteFideId "2086484"]
[BlackFideId "2001780"]
[EventDate "2025.06.24"]

1. d4 Nf6 2. e3 d5 3. Bd3 g6 4. f4 Bg7 5. Nf3 O-O 6. O-O b6 7. Nbd2 Bb7 8. f5
Ne4 9. fxg6 hxg6 10. Bxe4 dxe4 11. Ng5 e5 12. Qg4 Bh6 13. Ndxe4 Bc8 14. Qh4 Kg7
15. Rxf7+ Rxf7 16. Qxh6+ Kxh6 17. Nxf7+ Kg7 18. Nxd8 Bf5 19. Ng3 Bd7 20. dxe5
Na6 21. e6 Be8 22. Nf7 Kf6 23. Bd2 Nc5 24. Bc3+ Kxe6 25. Ng5+ Ke7 26. Rf1 Na4
27. Bf6+ Kd6 28. e4 Bb5 29. e5+ Kc6 30. c4 Bxc4 31. Rc1 Nxb2 32. e6 Kd5 33. Bxb2 1-0

[Event "Titled Tue 24th Jun Late"]
[Site "chess.com INT"]
[Date "2025.06.24"]
[Round "10"]
[White "Winkels, Marcel"]
[Black "Li, Xueyi"]
[Result "1-0"]
[WhiteTitle "CM"]
[BlackTitle "WGM"]
[WhiteElo "1905"]
[BlackElo "2220"]
[WhiteFideId "1003887"]
[BlackFideId "8605912"]
[EventDate "2025.06.24"]

1. e4 c6 2. Nf3 d5 3. exd5 cxd5 4. Ne5 Nf6 5. Bb5+ Bd7 6. Nxd7 Nbxd7 7. O-O a6
8. Be2 e6 9. d4 Bd6 10. Nd2 O-O 11. Nf3 Re8 12. c3 e5 13. dxe5 Nxe5 14. Bg5
Nxf3+ 15. Bxf3 Be7 16. Bxf6 Bxf6 17. Qxd5 Qxd5 18. Bxd5 Rab8 19. Rfe1 b5 20. a4
bxa4 21. Bc6 Rxe1+ 22. Rxe1 h6 23. Bxa4 Rxb2 24. c4 Rb8 25. Bc6 Rc8 26. Bd5 a5
27. Rb1 Bc3 28. Rb7 Rf8 29. Ra7 Bb4 30. Kf1 g5 31. Ke2 Kg7 32. Kd3 Kg6 33. Be4+
Kf6 34. Ra6+ Kg7 35. Bd5 Rd8 36. Ra7 Rf8 37. Kd4 Kf6 38. c5 1-0

[Event "Titled Tue 24th Jun Late"]
[Site "chess.com INT"]
[Date "2025.06.24"]
[Round "10"]
[White "Sharankov, Grigory"]
[Black "Linares Orellana, Hector Jose"]
[Result "0-1"]
[WhiteTitle "CM"]
[BlackTitle "FM"]
[WhiteElo "2238"]
[BlackElo "2111"]
[WhiteFideId "4168356"]
[BlackFideId "7304307"]
[EventDate "2025.06.24"]

1. e4 c5 2. Nf3 Nc6 3. c3 e5 4. Bc4 Be7 5. d4 cxd4 6. cxd4 d6 7. dxe5 dxe5 8.
Qxd8+ Bxd8 9. Nc3 Nf6 10. Bg5 O-O 11. Bxf6 Bxf6 12. Nd5 Bd8 13. h3 Be6 14. Ke2
a6 15. Rhd1 Rc8 16. Rac1 Kh8 17. g4 h5 18. Ne3 hxg4 19. hxg4 Nd4+ 20. Nxd4 exd4
21. Rxd4 b5 22. Rh1+ Kg8 23. Bxe6 fxe6 24. Rd6 Bg5 25. f3 Bxe3 26. Kxe3 Rc2 27.
Rxe6 Rxb2 28. Rxa6 b4 29. e5 b3 30. a4 Rc2 31. Rd1 b2 32. Rb1 Rb8 33. e6 Rc1 34.
Rxb2 Rxb2 35. Ra8+ Kh7 0-1

[Event "Titled Tue 24th Jun Late"]
[Site "chess.com INT"]
[Date "2025.06.24"]
[Round "10"]
[White "Yang, Larry"]
[Black "Milare, Tyron"]
[Result "1-0"]
[BlackTitle "FM"]
[WhiteElo "2017"]
[BlackElo "2248"]
[WhiteFideId "2637618"]
[BlackFideId "12987018"]
[EventDate "2025.06.24"]

1. e4 c5 2. Nf3 d6 3. Bb5+ Bd7 4. Bxd7+ Qxd7 5. O-O g6 6. c3 Nf6 7. Re1 c4 8. b3
b5 9. a4 cxb3 10. Qxb3 bxa4 11. Rxa4 Nc6 12. d4 Rb8 13. Qa2 d5 14. e5 Ne4 15.
Nfd2 Bg7 16. Nxe4 dxe4 17. Nd2 e3 18. Rxe3 Bh6 19. Re1 O-O 20. Ne4 Bxc1 21. Rxc1
Qg4 22. f3 Qf4 23. Ra1 Qe3+ 24. Qf2 Qxf2+ 25. Kxf2 Rb2+ 26. Kg3 a5 27. Rc4 Rb6
28. Nc5 Rd8 29. e6 f5 30. Nd7 Ra6 31. Rca4 Kg7 32. d5 g5 33. dxc6 Rxc6 34. Rxa5
Rxe6 35. Nc5 Re2 36. R1a2 Re5 37. Nb3 f4+ 38. Kf2 Rxa5 39. Rxa5 Rb8 40. Nd4 Rb2+
41. Ne2 Kf6 42. g3 e5 43. c4 Rc2 44. c5 Ke6 45. Ra6+ Kd5 46. c6 Rxc6 47. Rxc6
Kxc6 48. g4 Kd5 49. Nc3+ Kd4 50. Ne4 h6 51. h3 Kd5 52. Ke2 Kd4 53. Kd2 Kd5 54.
Kd3 Ke6 55. Kc4 Kd7 56. Kd5 Ke8 57. Kxe5 Kf7 58. Kf5 Kg7 59. Nxg5 hxg5 60. Kxg5
Kf7 61. Kxf4 Kg7 62. Kg5 Kf7 63. f4 Kg7 64. f5 Kf7 65. f6 Kf8 66. Kf5 Kg8 67.
Kg6 Kf8 68. h4 Kg8 69. h5 Kf8 70. h6 Kg8 71. g5 Kh8 72. Kf7 Kh7 73. g6+ Kh8 74.
g7+ Kh7 1-0

[Event "Titled Tue 24th Jun Late"]
[Site "chess.com INT"]
[Date "2025.06.24"]
[Round "10"]
[White "Svane, Rasmus"]
[Black "Bluebaum, Matthias"]
[Result "1/2-1/2"]
[WhiteTitle "GM"]
[BlackTitle "GM"]
[WhiteElo "2626"]
[BlackElo "2663"]
[WhiteFideId "4657101"]
[BlackFideId "24651516"]
[EventDate "2025.06.24"]

1. Nf3 d5 2. g3 e6 3. Bg2 Nf6 4. O-O Bd6 5. d4 O-O 6. c4 Nc6 7. b3 dxc4 8. bxc4
e5 9. c5 Be7 10. dxe5 Qxd1 11. Rxd1 Ne4 12. Be3 Bxc5 13. Bxc5 Nxc5 14. Nc3 Be6
15. Nb5 Rad8 16. Rdc1 b6 17. Nxc7 Bg4 18. Na6 Bxf3 19. Bxf3 Nxe5 20. Nxc5 Nxf3+
21. exf3 bxc5 22. Rxc5 Rd2 23. Ra5 g6 24. Rxa7 Rc8 25. Re1 h5 26. f4 h4 27. a4
h3 28. Ra5 Rcc2 29. Rf1 Kg7 30. Re5 Rd4 31. a5 Ra2 32. Rc5 Rda4 33. Re1 Rxa5 34.
Rxa5 Rxa5 35. Kf1 Ra2 36. Rd1 f5 37. Ke1 Kf6 38. Rd2 Ra1+ 39. Rd1 Ra2 40. Kf1
Kg7 41. Re1 Kf7 42. Rd1 Kg7 1/2-1/2

[Event "Titled Tue 24th Jun Late"]
[Site "chess.com INT"]
[Date "2025.06.24"]
[Round "10"]
[White "Holinka, Henning"]
[Black "Kobo, Ori"]
[Result "0-1"]
[WhiteTitle "FM"]
[BlackTitle "GM"]
[WhiteElo "2303"]
[BlackElo "2493"]
[WhiteFideId "12967084"]
[BlackFideId "2812320"]
[EventDate "2025.06.24"]

1. Nf3 d5 2. g3 Nd7 3. d4 Nb6 4. b3 Bf5 5. c4 c6 6. Nc3 e6 7. c5 Nd7 8. Bg2 h6
9. O-O Ngf6 10. b4 Be7 11. b5 cxb5 12. Nxb5 O-O 13. Qb3 Ne4 14. Bf4 g5 15. Bc7
Qc8 16. Ba5 Nb8 17. Rfc1 Nc6 18. Be1 Qd7 19. a4 a6 20. Na3 g4 21. Ne5 Nxe5 22.
dxe5 Nxc5 23. Qe3 Rfc8 24. Qxh6 Nb3 25. Rxc8+ Rxc8 26. Rd1 Bxa3 27. e4 Bg6 28.
exd5 Rc1 29. Rxc1 Bxc1 30. Qh4 exd5 31. Bb4 Nd4 32. Qf6 Ne6 33. h3 Bg5 34. hxg4
Bxf6 0-1

[Event "Titled Tue 24th Jun Late"]
[Site "chess.com INT"]
[Date "2025.06.24"]
[Round "10"]
[White "Mayaud, Raphael"]
[Black "Sitnic, Adnan"]
[Result "0-1"]
[WhiteTitle "CM"]
[BlackTitle "CM"]
[WhiteElo "2126"]
[BlackElo "2058"]
[WhiteFideId "627151"]
[BlackFideId "14403854"]
[EventDate "2025.06.24"]

1. d4 Nf6 2. Bg5 c5 3. d5 d6 4. Nc3 g6 5. e4 Bg7 6. Qd2 O-O 7. O-O-O Re8 8. h4
Nbd7 9. f3 a6 10. h5 Nxh5 11. Bh6 Bf6 12. g4 Ng3 13. Rh3 Nxf1 14. Rxf1 b5 15.
Nge2 b4 16. Nd1 Ne5 17. Rfh1 c4 18. Bg5 c3 19. Qf4 cxb2+ 20. Nxb2 h5 21. gxh5
Bxh3 22. Rxh3 Qc8 23. Rg3 Bh8 24. Nd4 Qc3 25. Nb3 Qe1+ 26. Nd1 Rac8 27. Qd2 Qxg3
28. hxg6 Nxg6 29. f4 Bc3 30. Qe2 Nxf4 0-1

[Event "Titled Tue 24th Jun Late"]
[Site "chess.com INT"]
[Date "2025.06.24"]
[Round "10"]
[White "Krzywda, Andrzej"]
[Black "Miserendino, Alfredo"]
[Result "1-0"]
[WhiteTitle "CM"]
[WhiteElo "2175"]
[BlackElo "2032"]
[WhiteFideId "1114565"]
[BlackFideId "101800"]
[EventDate "2025.06.24"]

1. d4 c5 2. d5 e6 3. c4 b5 4. Nf3 bxc4 5. e4 d6 6. Bxc4 e5 7. h3 Nf6 8. Nc3 Be7
9. Bb5+ Nbd7 10. O-O O-O 11. Nd2 Rb8 12. Nc4 Nb6 13. Na5 Bd7 14. Bxd7 Qxd7 15.
Nc6 Rb7 16. b3 Ne8 17. f4 exf4 18. Bxf4 Bf6 19. Rc1 g6 20. Qf3 Bg7 21. Qg3 Nc8
22. e5 dxe5 23. Nxe5 Qd8 24. Nc6 Qb6 25. Na4 Qb5 26. Nxc5 Rb6 27. Rfd1 Rxc6 28.
dxc6 Qxc6 29. Nd7 Qb7 30. Kh1 Nf6 31. Nxf8 Bxf8 32. Qc3 Nd5 33. Qxc8 Qxc8 34.
Rxc8 Nxf4 35. Rdd8 Ne6 36. Re8 Kg7 37. Rxf8 Nxf8 38. Ra8 1-0

[Event "Titled Tue 24th Jun Late"]
[Site "chess.com INT"]
[Date "2025.06.24"]
[Round "10"]
[White "Ibarra Jerez, Jose Carlos"]
[Black "Rozman, Levy"]
[Result "1-0"]
[WhiteTitle "GM"]
[BlackTitle "IM"]
[WhiteElo "2545"]
[BlackElo "2324"]
[WhiteFideId "2226332"]
[BlackFideId "2039877"]
[EventDate "2025.06.24"]

1. e4 c6 2. Nf3 d5 3. d3 Na6 4. exd5 cxd5 5. d4 Nf6 6. Ne5 e6 7. Qf3 Nc7 8. Bd3
Be7 9. O-O O-O 10. Re1 Nce8 11. Qh3 Nd6 12. Bg5 g6 13. Nd2 Bd7 14. Qh4 Bb5 15.
Bxb5 Nxb5 16. Re3 Nd6 17. g4 Re8 18. Rh3 h5 19. f3 Kg7 20. Kh1 Rh8 21. Rf1 Rh7
22. Qf2 hxg4 23. Rxh7+ Nxh7 24. Bxe7 Qxe7 25. fxg4 Ng5 26. h4 Rh8 27. Kg2 f6 28.
hxg5 fxe5 29. Qf6+ Qxf6 30. gxf6+ Kf7 31. Nf3 e4 32. Ne5+ Ke8 33. f7+ 1-0

[Event "Titled Tue 24th Jun Late"]
[Site "chess.com INT"]
[Date "2025.06.24"]
[Round "10"]
[White "Fandi, Mazen"]
[Black "Becking, Stephan"]
[Result "1-0"]
[WhiteTitle "FM"]
[BlackTitle "IM"]
[WhiteElo "2302"]
[BlackElo "2410"]
[WhiteFideId "7611625"]
[BlackFideId "4632478"]
[EventDate "2025.06.24"]

1. e4 e6 2. d4 d5 3. Nc3 Nf6 4. e5 Nfd7 5. f4 a6 6. Nf3 b6 7. Be3 c5 8. Be2 Nc6
9. O-O f5 10. Ng5 Qe7 11. dxc5 Nxc5 12. Nxd5 exd5 13. Qxd5 Bb7 14. e6 Nd8 15.
Qxf5 Ndxe6 16. Kh1 g6 17. Qh3 Nxg5 18. fxg5 Ne4 19. Bc4 Nd6 20. Bb3 Nf5 21. Bxb6
Qd6 22. Rfe1+ Be7 23. Re6 Qd7 24. Rae1 Kf8 25. Rxe7 1-0

[Event "Titled Tue 24th Jun Late"]
[Site "chess.com INT"]
[Date "2025.06.24"]
[Round "10"]
[White "Spyropoulos, Nikolaos"]
[Black "Ambartsumova, Karina"]
[Result "1-0"]
[WhiteTitle "IM"]
[BlackTitle "IM"]
[WhiteElo "2400"]
[BlackElo "2403"]
[WhiteFideId "4298977"]
[BlackFideId "4166299"]
[EventDate "2025.06.24"]

1. e4 c5 2. Nf3 a6 3. c4 Nc6 4. d4 cxd4 5. Nxd4 Nf6 6. Nc3 e5 7. Nf5 d5 8. cxd5
Bxf5 9. exf5 Nd4 10. Bd3 Be7 11. O-O Nxd5 12. Be4 Nxc3 13. bxc3 Nc6 14. Rb1 Qc7
15. Be3 b5 16. c4 Rd8 17. Qg4 Bf6 18. cxb5 Nd4 19. b6 Qd6 20. b7 O-O 21. h4 Kh8
22. Rfc1 Rb8 23. Bg5 Bxg5 24. hxg5 f6 25. Kh2 Qe7 26. Rc3 fxg5 27. Rbc1 Rxb7 28.
Bxb7 Qxb7 29. Qxg5 Nb5 30. Rh3 h6 31. Qg6 Qf7 32. Qxf7 Rxf7 33. g4 Kh7 34. Re3
Re7 35. Rc6 Nd4 36. Rxa6 e4 37. Ra4 Nf3+ 38. Kg3 Ng5 39. f4 1-0

[Event "Titled Tue 24th Jun Late"]
[Site "chess.com INT"]
[Date "2025.06.24"]
[Round "10"]
[White "Khanbutaev, Artemii"]
[Black "Raptis, Nick"]
[Result "1/2-1/2"]
[BlackTitle "FM"]
[WhiteElo "2139"]
[BlackElo "2220"]
[WhiteFideId "55747175"]
[BlackFideId "2016850"]
[EventDate "2025.06.24"]

1. d4 Nf6 2. c4 g6 3. Nc3 d6 4. e4 Bg7 5. Be2 O-O 6. Be3 c5 7. d5 e6 8. Nf3 exd5
9. cxd5 a6 10. a4 Ng4 11. Bf4 Re8 12. O-O Qc7 13. Nd2 Ne5 14. Bg3 f5 15. exf5
Bxf5 16. Re1 Nbd7 17. Nde4 Nf6 18. Nxf6+ Bxf6 19. Qd2 Re7 20. Rac1 Rae8 21. b4
c4 22. b5 Nd3 23. Bxd3 Bxd3 24. Rxe7 Qxe7 25. h3 Bd4 26. Kh2 Kg7 27. Qf4 Be5 28.
Qe3 a5 29. Bxe5+ Qxe5+ 30. Qxe5+ Rxe5 31. f3 g5 32. Kg3 Kf6 33. Kf2 h5 34. g4 h4
35. Rd1 b6 36. Rc1 Re7 37. Rd1 Re5 38. Rc1 Re7 39. Rd1 Re5 1/2-1/2

[Event "Titled Tue 24th Jun Late"]
[Site "chess.com INT"]
[Date "2025.06.24"]
[Round "10"]
[White "Gubajdullin, Alexei"]
[Black "Schuster, Karsten"]
[Result "1-0"]
[WhiteTitle "FM"]
[BlackTitle "FM"]
[WhiteElo "2233"]
[BlackElo "2266"]
[WhiteFideId "4141202"]
[BlackFideId "4611071"]
[EventDate "2025.06.24"]

1. Nf3 d5 2. g3 Nf6 3. Bg2 c6 4. O-O Bg4 5. d3 e6 6. Nbd2 Nbd7 7. h3 Bh5 8. e4
Bc5 9. c3 O-O 10. a4 a6 11. a5 Ba7 12. Qa4 Qc7 13. Re1 Qxg3 14. Re2 Ne5 15. exd5
Nxf3+ 16. Kf1 Nxd2+ 17. Rxd2 Qd6 18. dxc6 bxc6 19. Qxc6 Qxc6 20. Bxc6 Rab8 21.
Ra4 Rfc8 22. Bg2 Nd5 23. Rc4 Rxc4 24. dxc4 Nf6 25. Bb7 h6 26. Bxa6 Ne4 27. Rd7
Bxf2 28. Bb7 Nc5 29. Kxf2 Nxd7 30. a6 Rd8 31. a7 Nc5 32. Bf4 Nd3+ 33. Kg3 Nxb2
34. Bb8 Nxc4 35. a8=Q Rd3+ 36. Kh2 Kh7 37. Be4+ 1-0

[Event "Titled Tue 24th Jun Late"]
[Site "chess.com INT"]
[Date "2025.06.24"]
[Round "10"]
[White "Tan, Zhongyi"]
[Black "Cieslak, Patryk"]
[Result "1-0"]
[WhiteTitle "GM"]
[BlackTitle "FM"]
[WhiteElo "2546"]
[BlackElo "2442"]
[WhiteFideId "8603642"]
[BlackFideId "21078882"]
[EventDate "2025.06.24"]

1. e4 d6 2. d4 Nf6 3. Nc3 e5 4. Nf3 Nbd7 5. Bc4 Be7 6. a4 O-O 7. O-O h6 8. Re1
c6 9. h3 Re8 10. Be3 Qc7 11. Ba2 Bf8 12. Nh4 Nb6 13. a5 Nbd7 14. Nf5 exd4 15.
Bxd4 Ne5 16. Ng3 Be6 17. f4 Bxa2 18. Rxa2 Ned7 19. Qf3 d5 20. e5 Bc5 21. Bf2 Nh7
22. Raa1 Nhf8 23. Nf5 Re6 24. Ne2 Bb4 25. c3 Bxa5 26. Ned4 Ree8 27. Qg3 Ng6 28.
h4 h5 29. Nd6 Rf8 30. Rxa5 Qxa5 31. e6 Qc7 32. N4f5 fxe6 33. Qxg6 exf5 34. Re7
Ne5 35. Qe6+ 1-0

[Event "Titled Tue 24th Jun Late"]
[Site "chess.com INT"]
[Date "2025.06.24"]
[Round "10"]
[White "Garcia Alvarez, Diego"]
[Black "Kawka, Milena"]
[Result "0-1"]
[BlackTitle "WCM"]
[WhiteElo "2124"]
[BlackElo "2003"]
[WhiteFideId "32094795"]
[BlackFideId "21095167"]
[EventDate "2025.06.24"]

1. d4 Nf6 2. c4 e6 3. Nc3 Bb4 4. f3 d5 5. a3 Be7 6. e4 dxe4 7. fxe4 c5 8. d5
exd5 9. cxd5 Bg4 10. Nf3 O-O 11. Be2 h6 12. O-O Bxf3 13. Bxf3 Nfd7 14. d6 Bg5
15. e5 Nc6 16. e6 fxe6 17. Bxc6 bxc6 18. Bxg5 Qxg5 19. Qe2 Qg6 20. Rae1 e5 21.
Ne4 Qe6 22. Rc1 Rab8 23. Nxc5 Nxc5 24. Rxc5 Qxd6 25. Rcc1 Qd4+ 26. Kh1 Rxf1+ 27.
Rxf1 Rxb2 28. Qh5 Rf2 29. Rb1 Qf4 30. h3 Rf1+ 31. Rxf1 Qxf1+ 32. Kh2 Qf4+ 33.
Kh1 Kh7 34. Qe8 Qf1+ 35. Kh2 Qf4+ 36. Kh1 Qf6 37. Qa8 Qe7 38. Qxc6 e4 39. Qc2
Kh8 40. Kg1 e3 41. Kf1 Qxa3 42. Qc8+ Kh7 43. Qf5+ Kg8 44. Qc8+ Qf8+ 45. Qxf8+
Kxf8 46. Ke2 Ke7 47. Kxe3 a5 48. g4 a4 49. Kd3 Kf6 50. Kc3 Kg5 51. Kb4 Kh4 52.
Kxa4 Kxh3 53. Kb5 Kxg4 54. Kc6 h5 55. Kd5 h4 0-1

[Event "Titled Tue 24th Jun Late"]
[Site "chess.com INT"]
[Date "2025.06.24"]
[Round "10"]
[White "Foldes, Marton Gabor"]
[Black "Miljkovic, Miroslav D"]
[Result "0-1"]
[WhiteTitle "FM"]
[BlackTitle "GM"]
[WhiteElo "2295"]
[BlackElo "2420"]
[WhiteFideId "794708"]
[BlackFideId "922722"]
[EventDate "2025.06.24"]

1. e4 e5 2. Nf3 Nc6 3. Bb5 a6 4. Ba4 d6 5. c4 Bd7 6. Nc3 g6 7. d3 Bg7 8. h4 h6
9. h5 g5 10. Nh2 Nge7 11. g4 Nd4 12. Bxd7+ Qxd7 13. Nf1 Ne6 14. Ne3 c6 15. Nf5
Nxf5 16. gxf5 Nf4 17. Be3 d5 18. cxd5 cxd5 19. Bxf4 exf4 20. Nxd5 Bxb2 21. d4
Kf8 22. Rb1 Re8 23. O-O Rxe4 24. Nf6 Qxf5 25. Nxe4 Qxe4 26. Rxb2 f3 27. Qxf3
Qxf3 28. Rb3 Qg4+ 29. Rg3 Qxd4 30. Rc1 Kg7 31. Rc7 Rd8 32. Rf3 Rd7 33. Rc8 Qg4+
34. Rg3 Rd1+ 35. Kg2 Qxc8 0-1

[Event "Titled Tue 24th Jun Late"]
[Site "chess.com INT"]
[Date "2025.06.24"]
[Round "10"]
[White "Adewumi, Tanitoluwa"]
[Black "Morris-Suzuki, Alan H"]
[Result "0-1"]
[WhiteTitle "FM"]
[WhiteElo "2362"]
[BlackElo "1987"]
[WhiteFideId "30966396"]
[BlackFideId "30933218"]
[EventDate "2025.06.24"]

1. Nf3 g6 2. d4 Bg7 3. e4 d6 4. Bd3 Nf6 5. c4 Bg4 6. h3 Bxf3 7. Qxf3 Nc6 8. Be3
Nd7 9. Nc3 Nxd4 10. Qg3 Nc5 11. Bb1 O-O 12. h4 h5 13. f4 e6 14. O-O Na4 15. Rf2
Nxc3 16. bxc3 Nc6 17. f5 Ne5 18. Bg5 f6 19. Bf4 Ng4 20. fxg6 e5 21. Be3 b6 22.
Bd3 Qe8 23. Rf5 Qxg6 24. Be2 Kh7 25. Raf1 Nxe3 26. Rxh5+ Bh6 27. Rxh6+ Qxh6 28.
Rf3 Rg8 29. Qh3 Rxg2+ 30. Kh1 Rag8 31. Rxe3 Rg1+ 32. Kh2 R8g2+ 33. Qxg2 Rxg2+
34. Kxg2 Qxe3 0-1

[Event "Titled Tue 24th Jun Late"]
[Site "chess.com INT"]
[Date "2025.06.24"]
[Round "10"]
[White "Goryachkina, Aleksandra"]
[Black "Smirnov, Alexandr A."]
[Result "1-0"]
[WhiteTitle "GM"]
[BlackTitle "FM"]
[WhiteElo "2533"]
[BlackElo "2136"]
[WhiteFideId "4147103"]
[BlackFideId "24104396"]
[EventDate "2025.06.24"]

1. e4 d5 2. exd5 Qxd5 3. Nc3 Qd6 4. d4 Nf6 5. Nf3 a6 6. g3 Bg4 7. Bg2 Nc6 8. O-O
O-O-O 9. Bf4 Qb4 10. d5 e6 11. a3 Qb6 12. Na4 Qb5 13. Nc3 Qb6 14. h3 Bh5 15. g4
Bg6 16. Nh4 Nxd5 17. Nxd5 exd5 18. b4 Bd6 19. Be3 Qb5 20. Re1 d4 21. Bd2 Qc4 22.
Nxg6 hxg6 23. Rb1 Rhe8 24. a4 Rxe1+ 25. Bxe1 Nxb4 26. Qf3 Nc6 27. Qe4 Qxa4 28.
Bd2 Qc4 29. Bg5 f6 30. Bd2 Be5 31. Qxg6 d3 32. Qf5+ Kb8 33. cxd3 Rxd3 34. Bxc6
Rxd2 35. Rxb7+ Ka8 36. Qc8# 1-0

[Event "Titled Tue 24th Jun Late"]
[Site "chess.com INT"]
[Date "2025.06.24"]
[Round "10"]
[White "Rosen, Eric"]
[Black "Al-Tarboush, Ward"]
[Result "1-0"]
[WhiteTitle "IM"]
[BlackTitle "FM"]
[WhiteElo "2377"]
[BlackElo "2223"]
[WhiteFideId "2032562"]
[BlackFideId "7601450"]
[EventDate "2025.06.24"]

1. d4 Nf6 2. Bf4 b6 3. Nf3 Bb7 4. c4 e6 5. e3 d5 6. Nc3 Be7 7. Qc2 O-O 8. cxd5
Nxd5 9. Nxd5 Qxd5 10. Bd3 Bb4+ 11. Ke2 f5 12. Bc4 Qd7 13. Qb3 Qe7 14. Ng5 Nc6
15. Bxe6+ Kh8 16. Rac1 Rae8 17. d5 Ba6+ 18. Kf3 Na5 19. Qa4 Bd6 20. Bxd6 cxd6
21. h4 f4 22. exf4 Qf6 23. g3 h6 24. Qe4 g6 25. Rc7 Re7 26. Rxe7 Qxe7 27. Qxg6
Qg7 28. Qxg7+ Kxg7 29. Ne4 Nc4 30. Rc1 Ne5+ 31. Kg2 Nd3 32. Rc7+ Kh8 33. Rxa7
Ne1+ 34. Kh3 Bf1+ 35. Kg4 Be2+ 36. Kh3 Bf1+ 37. Kh2 Nf3+ 38. Kh1 b5 39. Nxd6 b4
40. Bg4 Nd4 41. Kg1 Bd3 42. f5 Rd8 43. Nf7+ 1-0

[Event "Titled Tue 24th Jun Late"]
[Site "chess.com INT"]
[Date "2025.06.24"]
[Round "10"]
[White "Hariharan, Shambavi"]
[Black "Hadzovic, Amir"]
[Result "0-1"]
[WhiteTitle "WCM"]
[BlackTitle "FM"]
[WhiteElo "1936"]
[BlackElo "2354"]
[WhiteFideId "488160"]
[BlackFideId "14402300"]
[EventDate "2025.06.24"]

1. d4 d6 2. c4 e5 3. d5 Be7 4. Nc3 Bg5 5. Bxg5 Qxg5 6. g3 Qd8 7. Bg2 Ne7 8. e4
O-O 9. Nge2 f5 10. O-O f4 11. f3 Ng6 12. gxf4 Nxf4 13. Nxf4 Rxf4 14. Ne2 Rf7 15.
Kh1 Qh4 16. Rg1 Nd7 17. Ng3 Nf6 18. Qd2 Bd7 19. Raf1 Raf8 20. Qe3 Nh5 21. Nxh5
Qxh5 22. Rf2 Rf4 23. b4 b6 24. a3 R8f6 25. c5 Rg6 26. Bf1 Rh6 27. Rfg2 Kf8 28.
Be2 Bh3 29. Rxg7 Bg4 30. Rg8+ Kf7 31. Rg2 Kxg8 32. fxg4 Qg5 33. Qc3 Rhf6 34.
cxd6 cxd6 35. Qc8+ Kg7 36. Qd7+ Kh6 37. Qe8 Rxe4 38. Bd3 Re1+ 39. Rg1 Rxg1+ 40.
Kxg1 Qxg4+ 41. Kh1 Qd1+ 42. Kg2 Qxd3 0-1

[Event "Titled Tue 24th Jun Late"]
[Site "chess.com INT"]
[Date "2025.06.24"]
[Round "10"]
[White "Jacobsen, Mikkel Manosri"]
[Black "Nakara Husain"]
[Result "1-0"]
[WhiteTitle "FM"]
[WhiteElo "2223"]
[BlackElo "1713"]
[WhiteFideId "1444514"]
[BlackFideId "25636111"]
[EventDate "2025.06.24"]

1. d4 Nf6 2. Nf3 d5 3. Bf4 g6 4. e3 Bg7 5. Nbd2 O-O 6. c3 c5 7. dxc5 Nc6 8. Be2
Nh5 9. Bg5 Qc7 10. O-O e5 11. b4 a6 12. Rc1 Be6 13. Bh4 Nf6 14. a3 Rfd8 15. h3
Rd7 16. Bg3 Ne4 17. Bh2 Rad8 18. Qc2 Nxd2 19. Nxd2 Qc8 20. Rfd1 d4 21. Nf1 Bh6
22. cxd4 exd4 23. Bd6 Na7 24. Rxd4 Bf5 25. Qd1 Nc6 26. Rd2 Bg7 27. Bf3 Ne5 28.
Bd5 Nd3 29. Rxd3 Bxd3 30. e4 Bxf1 31. Qxf1 Bf8 32. e5 Bxd6 33. exd6 Re8 34. Qd3
Re5 35. Qf3 Qe8 36. Bxb7 Re1+ 37. Rxe1 Qxe1+ 38. Kh2 Qe5+ 39. g3 a5 40. Bc6 Rd8
41. Bd5 Rd7 42. c6 Rxd6 43. Qxf7+ Kh8 44. Qf8# 1-0